000 00417nam a2200145Ia 4500
008 230917s9999||||xx |||||||||||||| ||und||
040 _e62833
_aMAIN
041 _aEnglish
082 _a380.5 M582T
100 _aMichaels, Richard M, ed
245 0 _aTransportation planning and policy decision making: behavioural science contributions
260 _aNew York
_bPreager
_c1980
300 _ax, 250 p.
942 _cBK
999 _c221658
_d221658